00779nam a2200229 i 450000100060000000300090000600500170001500700030003200800410003502000180007608000210009410000490011524500590016425000120022326000350023530000220027049000440029283000520033685200220038899900170041095201220042772437ES-MaACL20250704063115.0t|040901s1986 sp ||||1| spa d a84-320-5587-5 a821.134.2-31"19"1 aGironella, José María,d1917-200395729814aLos hombres lloran solos / cJosé María Gironella. a1ª ed. aBarcelona : bPlaneta, c1986. a539 p. ; c19 cm.1 aAutores españoles e hispanoamericanos1 aAutores españoles e hispanoamericanos91777954 aES-MaACLjL-10322 c72437d72437 00104070aATENEOMbATENEOMcDEPO2d2008-01-17eSCl0oL-10322p1075836r2023-02-23 00:00:00w2023-02-23yMONOGRAFIA